00471 2200193 4500001002100000005001500021008004100036020002200077035001900099041000700118082001000125090001600135100002100151245002400172260001600196300002400212500001000236650003100246INLIS00000000000481920241224113002241224||||||||| | ||| |||| || |  a978-602-0832-59-3 0010-1224004819 aid0 a741.5 a741.5 NYO k0 aNyoman Sri Utami00akegiatan di tendaku busaidc2015 a20 hlm.;ilus.;20 cm acet.1 0ailmu kesenian dan olahraga